| 000 | 00489nam a2200217Ia 4500 | ||
|---|---|---|---|
| 008 | 210210b2008 xxu||||| |||| 00| 0 eng d | ||
| 020 | _a8174462155 | ||
| 041 | _aeng | ||
| 082 | _a658.001 ADHB | ||
| 100 | _aADHIKARY (Manab) | ||
| 245 | _aBusiness economics Ed 2 | ||
| 250 | _a | ||
| 260 |
_aNew Delhi _bExcel Books _c2008 |
||
| 300 | _aix,621 | ||
| 650 | _aEd | ||
| 650 | _aeconomics | ||
| 650 | _aBusiness | ||
| 650 | _a2 | ||
| 690 | _aBusiness Economics | ||
| 906 | _a063240 | ||
| 999 |
_c134929 _d134929 |
||